<?xml version="1.0" encoding="UTF-8"?>
<collection xmlns="http://www.loc.gov/MARC21/slim">
  <record>
    <leader>00000nam  2200000   4500</leader>
    <controlfield tag="001">INLIS000000000018638</controlfield>
    <controlfield tag="005">20241202024415</controlfield>
    <datafield tag="035" ind1="#" ind2="#">
      <subfield code="a">0010-1224000009</subfield>
    </datafield>
    <controlfield tag="007">ta</controlfield>
    <controlfield tag="008">241202###########################0######</controlfield>
    <datafield tag="245" ind1="#" ind2="#">
      <subfield code="a">MASGADING :</subfield>
      <subfield code="b">Optimalisasi Media Sosial Sebagai Branding /</subfield>
      <subfield code="c">Lidia Aprileny Hutahaean, M.Pd</subfield>
    </datafield>
    <datafield tag="260" ind1="#" ind2="#">
      <subfield code="a">Makassar :</subfield>
      <subfield code="b">Puslatbang KMP RI LAN Makassar,</subfield>
      <subfield code="c">2024</subfield>
    </datafield>
    <datafield tag="300" ind1="#" ind2="#">
      <subfield code="a">41 ;</subfield>
      <subfield code="c">30</subfield>
    </datafield>
    <datafield tag="650" ind1="#" ind2="4">
      <subfield code="a">Optimalisasi Media Sosial Sebagai Branding Jurusan pendidikan Ekonomi fakultas ekonomi dan bisnis Universitas Negeri Manado</subfield>
    </datafield>
    <datafield tag="700" ind1=" " ind2="#">
      <subfield code="a">Dr. Johny Taroreh, S.Pd., M.Si (Mentor)</subfield>
    </datafield>
    <datafield tag="700" ind1=" " ind2="#">
      <subfield code="a">Muskamal, S.Sos., M.Si (Coach)</subfield>
    </datafield>
    <datafield tag="520" ind1="#" ind2="#">
      <subfield code="a">Pelaksanaan "Optimalisasi Media Sosial sebagai Branding Jurusan Pendidikan Ekonomi Fakultas Ekonomi dan Bisnis Universitas Negeri Manado" diaktualisasi untuk mengatasi isu belum optimalnya pemanfaatan media sosial dalam memperkenalkan jurusan Pendidikan Ekonomi Fakultas Ekonomi dan Bisnis Universitas Negeri Manado. Aktualisasi ini bertujuan untuk membangun brand awareness Jurusan Pendidikan Ekonomi, sehingga terjaga hubungan baik dengan berbagai audiens, termasuk mahasiswa, calon mahasiswa, wali mahasiswa, alumni, dan masyarakat. Untuk mencapai tujuan tersebut, dilaksanakan empat kegiatan utama, yakni pembentukan tim pengelola media sosial jurusan, penyusunan konsep media branding, publikasi konten, dan evaluasi serta pemeliharaan berkelanjutan.&#13;
&#13;
Penerapan nilai BerAKHLAK dalam kegiatan ini mencapai total 95, dengan nilai Berorientasi Pelayanan dan Adaptif memperoleh skor tertinggi. Dampak yang dihasilkan meliputi peningkatan keterlibatan audiens, transparansi informasi, dan peningkatan kompetensi tim dalam pengelolaan media sosial. Manfaat aktualisasi ini dirasakan oleh individu melalui peningkatan keterampilan dan kompetensi pengelolaan media sosial, serta oleh jurusan dalam hal peningkatan visibilitas dan reputasi. Selain itu, masyarakat mendapatkan informasi yang lebih baik tentang pendidikan ekonomi. Kegiatan ini memperkuat hubungan antara akademisi dan masyarakat, serta menciptakan ekosistem pembelajaran yang lebih luas dan bermanfaat.&#13;
&#13;
Kata kunci: Optimalisasi Media Sosial, Branding, Pendidikan Ekonomi, Nilai BerAKHLAK</subfield>
    </datafield>
    <datafield tag="856" ind1="#" ind2="#">
      <subfield code="a">PUSLATBANG KMP LAN RI Makassar</subfield>
    </datafield>
  </record>
</collection>
